000 00544nam a22001937a 4500
003 KOHA_MİRAKIL
005 20251024165853.0
008 251024b tu ||||| |||| 00| 0 tur d
020 _a9786050838138
040 _aTR-AnABB
_btur
_cTR-AnABB
041 _atur
082 _a839.8374
_bFAL 2021
100 1 _aFaldbakken, Matias,
245 1 0 _aBiz beş kişiyiz /
_cMatias Faldbakken
260 _aİstanbul :
_bTimaş Yayınları,
_c2021
300 _a238 sayfa ;
_c21 cm
650 0 4 _aNorveç edebiyatı, roman
942 _2ddc
_cBK
999 _c9221
_d9221
900 _bGizem YORULMAZ